[Event "FIDE World Cup 2021"]
[Site "Krasnaya Polyana (Sochi) RUS"]
[Date "2021.07.20"]
[EventDate "2021.07.12"]
[Round "3.3"]
[Result "1-0"]
[White "Peter Svidler"]
[Black "Ivan Cheparinov"]
[WhiteElo "2714"]
[BlackElo "2667"]
[PlyCount "72"]

1. e4 e5 2. Nf3 Nc6 3. Bc4 Nf6 4. d3 Bc5 5. c3 d6 6. O-O O-O 7. Re1 a5 8. Nbd2
Be6 9. Bxe6 fxe6 10. Nf1 a4 11. h3 Bb6 12. Be3 Bxe3 13. Rxe3 Qe8 14. Ng3 Kh8 15.
d4 Ra5 16. b4 exd4 17. cxd4 Nxb4 18. Rb1 Na6 19. Rxb7 Rb5 20. Rxb5 Qxb5 21. Ra3
Nb4 22. Qxa4 Qxa4 23. Rxa4 Nd3 24. Rc4 d5 25. Rxc7 dxe4 26. Ng5 Nf4 27. N5xe4
Nxe4 28. Nxe4 h6 29. Rc4 Rb8 30. a4 Rb2 31. h4 Re2 32. Nc5 Ra2 33. g3 Ra1+ 34.
Kh2 Nd5 35. Nxe6 Ra2 36. Kg1 1-0

[Event "FIDE World Cup 2021"]
[Site "Krasnaya Polyana (Sochi) RUS"]
[Date "2021.07.20"]
[EventDate "2021.07.12"]
[Round "3.3"]
[Result "0-1"]
[White "Nils Grandelius"]
[Black "Jeffery Xiong"]
[WhiteElo "2661"]
[BlackElo "2709"]
[PlyCount "122"]

1. e4 c6 2. Nf3 d5 3. exd5 cxd5 4. d4 Nf6 5. Ne5 g6 6. Bb5+ Nbd7 7. O-O Bg7 8.
Re1 O-O 9. Nf3 Ne4 10. c3 Ndf6 11. Nbd2 Nd6 12. Bf1 b6 13. Ne5 Bb7 14. Ndf3 Nfe4
15. Nd3 Rc8 16. Nfe5 Nf5 17. g3 e6 18. Bg2 Re8 19. Ng4 f6 20. Ne3 Nfd6 21. Nf1
Nc4 22. Ne3 Ncd6 23. Nf1 Nc4 24. Ne3 Na5 25. Ng4 Qd7 26. f3 Nd6 27. Bh6 Bh8 28.
Bf4 Nf7 29. Nh6+ Nxh6 30. Bxh6 Nc4 31. Bh3 Nd6 32. Qd2 Qf7 33. Bf4 Nf5 34. Bxf5
exf5 35. h4 a5 36. Rxe8+ Rxe8 37. Re1 Ba6 38. Kf2 Bg7 39. Rxe8+ Qxe8 40. Qe3 Qd7
41. b3 Bf8 42. a4 Kf7 43. Ke1 h6 44. Qe2 Qc6 45. Kd2 b5 46. axb5 Bxb5 47. Qe3 g5
48. hxg5 hxg5 49. Bxg5 Bxd3 50. Qxd3 fxg5 51. Qxf5+ Ke8 52. Kc2 Be7 53. f4 gxf4
54. gxf4 Kd8 55. c4 a4 56. Qxd5+ Qxd5 57. cxd5 a3 58. Kb1 Bd6 59. Ka2 Ke7 60. f5
Kf6 61. b4 Bxb4 0-1

[Event "FIDE World Cup 2021"]
[Site "Krasnaya Polyana (Sochi) RUS"]
[Date "2021.07.20"]
[EventDate "2021.07.12"]
[Round "3.3"]
[Result "1/2-1/2"]
[White "Evgeny Tomashevsky"]
[Black "Pouya Idani"]
[WhiteElo "2706"]
[BlackElo "2614"]
[PlyCount "110"]

1. d4 Nf6 2. c4 e6 3. Nf3 d5 4. Nc3 c6 5. Bg5 dxc4 6. e4 b5 7. e5 h6 8. Bh4 g5
9. Nxg5 hxg5 10. Bxg5 Be7 11. exf6 Bxf6 12. Bxf6 Qxf6 13. g3 Na6 14. Bg2 Bb7 15.
Ne4 Qe7 16. O-O O-O-O 17. h4 c5 18. a4 Rxd4 19. Qe2 b4 20. Rad1 Qc7 21. Ng5 Bxg2
22. Kxg2 Qc6+ 23. Kh2 f6 24. Qxe6+ Kb7 25. Qe7+ Qc7 26. Qxc7+ Nxc7 27. Nf7 Rh7
28. Nd6+ Kc6 29. Rxd4 cxd4 30. Nxc4 Ne6 31. Re1 Nc5 32. Re8 Nxa4 33. Rd8 Rd7 34.
Rxd7 Kxd7 35. h5 Ke7 36. Kg2 f5 37. f3 Kf6 38. Kf2 Nc5 39. Ke2 a6 40. Na5 Na4
41. Nc4 Nc5 42. g4 fxg4 43. fxg4 Kg5 44. Ne5 Na4 45. Nd3 a5 46. Kf3 Nb6 47. Ke4
a4 48. Nxb4 Nc4 49. Kxd4 Nxb2 50. Nc2 Nd1 51. Kc4 Nf2 52. Ne3 Nxg4 53. Nxg4 Kxh5
54. Kb4 a3 55. Kxa3 1/2-1/2

[Event "FIDE World Cup 2021"]
[Site "Krasnaya Polyana (Sochi) RUS"]
[Date "2021.07.20"]
[EventDate "2021.07.12"]
[Round "3.3"]
[Result "0-1"]
[White "Boris Gelfand"]
[Black "Vladislav Artemiev"]
[WhiteElo "2675"]
[BlackElo "2704"]
[PlyCount "74"]

1. Nf3 d5 2. d4 Nf6 3. c4 e6 4. g3 Bd6 5. Bg2 O-O 6. O-O Nc6 7. Bg5 h6 8. Bxf6
Qxf6 9. e3 dxc4 10. Nfd2 e5 11. d5 Na5 12. Qa4 b6 13. Na3 c3 14. Ne4 Qe7 15.
Nxc3 Bd7 16. Qc2 Bxa3 17. bxa3 Qxa3 18. d6 Rac8 19. Nd5 Qxd6 20. Rfd1 Rfd8 21.
Rac1 Qf8 22. Qe4 Be6 23. Qxe5 c6 24. Nf4 Bxa2 25. h4 Bb3 26. Rxd8 Rxd8 27. Be4
Qd6 28. Qf5 g6 29. Qg4 Bd1 30. Qh3 Qd2 31. Ra1 Qe1+ 32. Kg2 Nc4 33. Nd3 Qd2 34.
Rxd1 Nxe3+ 35. Kh2 Nxd1 36. Bxg6 Nxf2 37. Bxf7+ Kg7 0-1

[Event "FIDE World Cup 2021"]
[Site "Krasnaya Polyana (Sochi) RUS"]
[Date "2021.07.20"]
[EventDate "2021.07.12"]
[Round "3.3"]
[Result "1/2-1/2"]
[White "Bassem Amin"]
[Black "Etienne Bacrot"]
[WhiteElo "2703"]
[BlackElo "2678"]
[PlyCount "130"]

1. e4 c5 2. Nf3 d6 3. g3 Nc6 4. Bg2 Nf6 5. d3 g6 6. O-O Bg7 7. Re1 O-O 8. c3 e5
9. a4 h6 10. Na3 Be6 11. Bd2 Rc8 12. b4 cxb4 13. cxb4 d5 14. b5 dxe4 15. bxc6
exf3 16. cxb7 fxg2 17. bxc8=Q Bxc8 18. Nc4 Ng4 19. Ne3 Nxe3 20. Bxe3 Qd7 21. Rc1
Ba6 22. Qd2 Kh7 23. Qa5 Qxd3 24. Red1 Qe2 25. Qd2 Qg4 26. Qd7 Qf3 27. Qc6 Qxc6
28. Rxc6 Bb7 29. Rc7 Bf3 30. Rdc1 f5 31. Rd7 a6 32. Rcc7 Rg8 33. Bc5 Kh8 34. a5
Rb8 35. Bb6 Bf8 36. Rc3 e4 37. h3 Bg7 38. Rcc7 Be5 39. Rc5 Bg7 40. Kh2 h5 41.
Rcc7 Be5 42. Rc5 Bg7 43. h4 f4 44. Rg5 Rc8 45. gxf4 Rc1 46. Rxg2 Bxg2 47. Kxg2
Bh6 48. Be3 Rc6 49. Rb7 Bg7 50. Rb6 Rf6 51. Bd4 Rf7 52. Be3 Rf6 53. Rb7 Rf5 54.
Bb6 Bc3 55. Kg3 Kg8 56. Ra7 Bxa5 57. Bd4 Bd2 58. Be5 a5 59. Rg7+ Kf8 60. Rxg6
Ke7 61. Rd6 Bxf4+ 62. Bxf4 Rxf4 63. Rd5 Rg4+ 64. Kh3 Rf4 65. Kg3 1/2-1/2

[Event "FIDE World Cup 2021"]
[Site "Krasnaya Polyana (Sochi) RUS"]
[Date "2021.07.20"]
[EventDate "2021.07.12"]
[Round "3.3"]
[Result "1-0"]
[White "R Praggnanandhaa"]
[Black "Michal Krasenkow"]
[WhiteElo "2608"]
[BlackElo "2591"]
[PlyCount "70"]

1. b3 e5 2. Bb2 d6 3. c4 g6 4. d4 Nd7 5. dxe5 dxe5 6. Nf3 Bg7 7. e3 Ne7 8. Be2
O-O 9. Qd2 c6 10. Nc3 Nc5 11. Rd1 Qb6 12. Ba3 Re8 13. b4 Ne6 14. O-O Rd8 15. Qc2
Bd7 16. Qb3 Nf5 17. Ne4 h5 18. Bb2 Qc7 19. c5 b6 20. Bc3 bxc5 21. bxc5 Rdb8 22.
Qa3 a5 23. Bc4 f6 24. h3 Kh8 25. g4 hxg4 26. hxg4 Nh6 27. Rd6 Nxg4 28. Kg2 Nf8
29. Rh1+ Nh7 30. Nxf6 Bxf6 31. Rxf6 Nxf6 32. Bxe5 Qd8 33. Ng5 Bh3+ 34. Rxh3 Rb7
35. Qc3 1-0

[Event "FIDE World Cup 2021"]
[Site "Krasnaya Polyana (Sochi) RUS"]
[Date "2021.07.20"]
[EventDate "2021.07.12"]
[Round "3.3"]
[Result "1/2-1/2"]
[White "Sam Shankland"]
[Black "Alexander Areshchenko"]
[WhiteElo "2709"]
[BlackElo "2687"]
[PlyCount "116"]

1. e4 e5 2. Nf3 Nc6 3. d4 exd4 4. Nxd4 Qf6 5. Nf3 Bb4+ 6. c3 Bc5 7. Be2 Nge7 8.
O-O d6 9. Bg5 Qg6 10. b4 Bb6 11. Bh4 a6 12. Nbd2 O-O 13. a4 Bh3 14. Ne1 f6 15.
Bg3 Be6 16. Nd3 Qe8 17. Nf4 Bf7 18. Bc4 Ne5 19. Bb3 Kh8 20. Ne6 Bxe6 21. Bxe6
Qg6 22. Kh1 f5 23. exf5 Nxf5 24. Bxf5 Qxf5 25. f3 Rae8 26. Bxe5 Qxe5 27. Nc4
Qxc3 28. Nxb6 cxb6 29. Qxd6 Rf6 30. Qd7 Rfe6 31. Rad1 Qc6 32. h3 h6 33. b5 axb5
34. axb5 Qxd7 35. Rxd7 Re5 36. Rxb7 Rxb5 37. Rf2 Re6 38. Kh2 h5 39. h4 Kh7 40.
Rd2 Rg6 41. Rb8 Rb4 42. g3 Rb3 43. Rd5 Rxf3 44. Rxh5+ Rh6 45. Rxh6+ gxh6 46.
Rb7+ Kg6 47. Rxb6+ Kg7 48. h5 Rf5 49. g4 Rf3 50. Kg2 Ra3 51. Rg6+ Kh7 52. Rf6
Kg7 53. Rf3 Rxf3 54. Kxf3 Kf7 55. Kf2 Kf6 56. Ke3 Ke7 57. Kd4 Kf6 58. Ke4 1/2-1/2

[Event "FIDE World Cup 2021"]
[Site "Krasnaya Polyana (Sochi) RUS"]
[Date "2021.07.20"]
[EventDate "2021.07.12"]
[Round "3.3"]
[Result "0-1"]
[White "Maxim Matlakov"]
[Black "Radoslaw Wojtaszek"]
[WhiteElo "2688"]
[BlackElo "2691"]
[PlyCount "90"]

1. d4 Nf6 2. c4 e6 3. Nf3 d5 4. g3 Bb4+ 5. Nbd2 O-O 6. Bg2 dxc4 7. O-O b5 8. Ne5
Nd5 9. b3 cxb3 10. Nxb3 Bb7 11. Bd2 Bxd2 12. Qxd2 Nd7 13. Nxd7 Qxd7 14. Nc5 Qc8
15. Qa5 Bc6 16. Rac1 Ne7 17. e4 Rd8 18. Rfd1 a6 19. Rd3 Ra7 20. Rcd1 h6 21. h4
Qb8 22. d5 exd5 23. exd5 Be8 24. Qe1 Nf5 25. Qe5 Qb6 26. Ne4 Nd6 27. Rd4 Bd7 28.
Qf4 Nxe4 29. Rxe4 Qd6 30. Qe3 Raa8 31. Rc1 Re8 32. Rxe8+ Rxe8 33. Qa7 Rc8 34.
Qe3 a5 35. Be4 b4 36. Qb3 Qb6 37. h5 a4 38. Qc4 b3 39. axb3 axb3 40. Bb1 b2 41.
Rd1 Re8 42. Qc2 Kf8 43. Qh7 Re2 44. Rf1 Bh3 45. d6 cxd6 0-1

[Event "FIDE World Cup 2021"]
[Site "Krasnaya Polyana (Sochi) RUS"]
[Date "2021.07.20"]
[EventDate "2021.07.12"]
[Round "3.4"]
[Result "1-0"]
[White "Nodirbek Abdusattorov"]
[Black "Anish Giri"]
[WhiteElo "2634"]
[BlackElo "2776"]
[PlyCount "136"]

1. d4 Nf6 2. c4 d6 3. Nc3 Nbd7 4. e4 e5 5. Nf3 Be7 6. Be2 O-O 7. O-O c6 8. d5
Nc5 9. Qc2 a5 10. Be3 Qc7 11. a3 Ng4 12. Bxc5 dxc5 13. Ne1 Nf6 14. Nd3 Bd7 15.
b3 cxd5 16. cxd5 b5 17. Nb2 c4 18. bxc4 b4 19. axb4 axb4 20. Nca4 Ra5 21. Bd1
Rfa8 22. Qd3 Bc5 23. Bb3 h6 24. Qc2 Qa7 25. h3 Bd4 26. Ra2 Ra6 27. Rfa1 Rc8 28.
Nc3 Ra3 29. Nd3 Nxe4 30. Nxe4 Bxa1 31. c5 Rxa2 32. Qxa2 Qxa2 33. Bxa2 Ra8 34.
Bc4 Bf5 35. f3 Bd4+ 36. Kf1 Kf8 37. d6 Bxe4 38. fxe4 Rd8 39. Ke2 Bxc5 40. Nxc5
Rxd6 41. Nd3 f6 42. Bd5 Rb6 43. Kd2 Ke7 44. Kc2 Kd6 45. Kb3 Rb8 46. h4 f5 47. h5
f4 48. Ne1 Ke7 49. Nf3 Kf6 50. Bc4 Rb7 51. Bd5 Rb6 52. Bc4 Rb8 53. Bd5 Rb5 54.
Bc4 Ra5 55. Kxb4 Ra1 56. Kc5 Rh1 57. Kd6 Rxh5 58. Bd5 g6 59. Bc6 Kg7 60. Bd7 Kf6
61. Bc6 Rh1 62. Nxe5 Rd1+ 63. Bd5 h5 64. Nd7+ Kg7 65. e5 Re1 66. e6 g5 67. e7 g4
68. Ne5 1-0

[Event "FIDE World Cup 2021"]
[Site "Krasnaya Polyana (Sochi) RUS"]
[Date "2021.07.20"]
[EventDate "2021.07.12"]
[Round "3.4"]
[Result "1/2-1/2"]
[White "Haik M Martirosyan"]
[Black "Shakhriyar Mamedyarov"]
[WhiteElo "2632"]
[BlackElo "2782"]
[PlyCount "118"]

1. d4 Nf6 2. c4 b6 3. Nc3 Bb7 4. f3 e6 5. e4 d5 6. cxd5 exd5 7. e5 Nfd7 8. f4 c5
9. Nf3 Nc6 10. Be3 cxd4 11. Nxd4 Bc5 12. Bb5 Nxd4 13. Bxd4 O-O 14. O-O a6 15.
Be2 Rc8 16. Bf3 b5 17. Bxc5 Rxc5 18. Qd2 Nb6 19. b3 Qe7 20. Ne2 Nd7 21. Nd4 g6
22. Rae1 Rc7 23. e6 Nc5 24. f5 f6 25. fxg6 hxg6 26. Qh6 Qh7 27. Qe3 Ne4 28. Rc1
Re7 29. Bxe4 dxe4 30. Qf4 f5 31. Rc5 Qg7 32. Qd6 f4 33. Rg5 f3 34. gxf3 exf3 35.
Kf2 Qh6 36. Qg3 Kh7 37. Rg1 Rd8 38. Rd1 Rd5 39. Rxd5 Bxd5 40. Nxf3 Bxf3 41. Kxf3
Qh5+ 42. Qg4 Qxg4+ 43. Kxg4 Rxe6 44. Kf3 Kh6 45. a4 Rc6 46. axb5 Rc3+ 47. Ke4
axb5 48. Rd3 Rxd3 49. Kxd3 Kg5 50. Kc3 Kg4 51. Kb4 Kh3 52. Kxb5 Kxh2 53. Ka6 g5
54. b4 g4 55. b5 g3 56. b6 g2 57. b7 g1=Q 58. b8=Q+ Qg3 59. Qxg3+ Kxg3 1/2-1/2

[Event "FIDE World Cup 2021"]
[Site "Krasnaya Polyana (Sochi) RUS"]
[Date "2021.07.20"]
[EventDate "2021.07.12"]
[Round "3.4"]
[Result "1-0"]
[White "David Paravyan"]
[Black "Vachier-Lagrave, Maxime"]
[WhiteElo "2625"]
[BlackElo "2749"]
[PlyCount "68"]

1. e4 c5 2. Nf3 d6 3. d4 cxd4 4. Nxd4 Nf6 5. Nc3 Nc6 6. Bg5 e6 7. Qd2 a6 8.
O-O-O Bd7 9. Nxc6 Bxc6 10. Bd3 Be7 11. Kb1 b5 12. f3 Nd7 13. Bxe7 Qxe7 14. Rhe1
Nc5 15. Bf1 Rd8 16. b4 Nb7 17. Nd5 Qd7 18. Qc3 Kf8 19. Qa3 Rb8 20. Qxa6 Nd8 21.
Nc3 h5 22. Rd2 Rh6 23. Red1 e5 24. g3 Qc7 25. Qa5 Qxa5 26. bxa5 b4 27. Nd5 Ne6
28. Nb6 Nd4 29. Rxd4 exd4 30. Rxd4 Rb7 31. Rc4 Be8 32. Rc8 Re6 33. a6 Ra7 34.
Rb8 1-0

[Event "FIDE World Cup 2021"]
[Site "Krasnaya Polyana (Sochi) RUS"]
[Date "2021.07.20"]
[EventDate "2021.07.12"]
[Round "3.4"]
[Result "1-0"]
[White "Pavel Ponkratov"]
[Black "Jakhongir Vakhidov"]
[WhiteElo "2629"]
[BlackElo "2534"]
[PlyCount "70"]

1. e4 d5 2. exd5 Qxd5 3. d4 g6 4. Nc3 Qd8 5. Bf4 Bg7 6. Nf3 Bg4 7. h3 Be6 8. Qd2
Nf6 9. O-O-O c6 10. Bh6 Bxh6 11. Qxh6 Qa5 12. a3 Nbd7 13. Ng5 Bd5 14. Kb1 b5 15.
Nxd5 Nxd5 16. c3 f6 17. Ne6 Kf7 18. Re1 Rag8 19. Qd2 N7b6 20. Nf4 Rb8 21. Nxd5
Nxd5 22. h4 Rhd8 23. h5 g5 24. Qc2 Kg7 25. Bd3 Kh8 26. Be4 Qc7 27. Bxd5 Rxd5 28.
Re6 Rbd8 29. Rhe1 R8d7 30. h6 Kg8 31. Qe4 f5 32. Qe3 f4 33. Qe4 Qd8 34. Rg6+ Kh8
35. Rg7 1-0

[Event "FIDE World Cup 2021"]
[Site "Krasnaya Polyana (Sochi) RUS"]
[Date "2021.07.20"]
[EventDate "2021.07.12"]
[Round "3.4"]
[Result "1/2-1/2"]
[White "Santosh Gujrathi Vidit"]
[Black "Baskaran Adhiban"]
[WhiteElo "2726"]
[BlackElo "2660"]
[PlyCount "86"]

1. d4 Nf6 2. c4 c5 3. d5 e6 4. Nc3 exd5 5. cxd5 d6 6. Nf3 g6 7. Nd2 Bg7 8. e4
O-O 9. Be2 Na6 10. O-O Nc7 11. a4 a6 12. Kh1 Qe7 13. f4 h5 14. h3 Rd8 15. Ra3
Rb8 16. a5 Bd7 17. Rb3 Nb5 18. Bxb5 axb5 19. Nxb5 Bxb5 20. Rxb5 Nxe4 21. Qf3 Nf6
22. Nc4 Qe4 23. Qxe4 Nxe4 24. Kh2 h4 25. Be3 Ng3 26. Re1 Nf5 27. Bf2 Bd4 28. Kg1
Re8 29. Kf1 Bxf2 30. Kxf2 Rxe1 31. Kxe1 Re8+ 32. Kd2 Re7 33. Rb6 Rd7 34. Ne3
Nxe3 35. Kxe3 f5 36. Kf3 Kf7 37. g3 hxg3 38. Kxg3 Kf6 39. h4 Kg7 40. Rb3 Re7 41.
Rb6 Rd7 42. Rb3 Re7 43. Rb6 Rd7 1/2-1/2

[Event "FIDE World Cup 2021"]
[Site "Krasnaya Polyana (Sochi) RUS"]
[Date "2021.07.20"]
[EventDate "2021.07.12"]
[Round "3.4"]
[Result "1/2-1/2"]
[White "Ivan Cheparinov"]
[Black "Peter Svidler"]
[WhiteElo "2667"]
[BlackElo "2714"]
[PlyCount "130"]

1. Nf3 c5 2. c4 Nc6 3. Nc3 g6 4. e3 Nf6 5. d4 cxd4 6. exd4 d5 7. cxd5 Nxd5 8.
Qb3 e6 9. Bb5 Bg7 10. O-O O-O 11. Bxc6 bxc6 12. Re1 Ba6 13. Na4 Rb8 14. Qd1 c5
15. Nxc5 Bb7 16. Ne5 Ba8 17. Ncd7 Bxe5 18. Nxe5 f6 19. Nd3 Nb4 20. Nc5 Qd5 21.
f3 e5 22. Bh6 Rf7 23. a3 Nc6 24. b4 Nxd4 25. Be3 Nf5 26. Qxd5 Bxd5 27. Rad1 Bc6
28. Bf2 h5 29. h4 Rb5 30. Rb1 a5 31. a4 Rxb4 32. Rxb4 axb4 33. Rb1 Ra7 34. Rxb4
Kf7 35. Rc4 Ne7 36. Be1 Bd5 37. Rc1 Nc6 38. Rd1 Nd4 39. a5 Bc4 40. Kf2 Rc7 41.
Ne4 Ba6 42. Bc3 Nb5 43. Bb4 Rc2+ 44. Rd2 Rxd2+ 45. Bxd2 Nc7 46. Nc5 Bb5 47. Bc3
Na6 48. Ne4 Ke6 49. Ke3 Nc7 50. Bb2 Bf1 51. g3 Bb5 52. Nc5+ Kd5 53. Ne4 Ke6 54.
Ba3 Bc6 55. Nc5+ Kf5 56. a6 g5 57. Bb2 Bb5 58. a7 Bc6 59. hxg5 fxg5 60. Nd3 Nb5
61. g4+ hxg4 62. fxg4+ Ke6 63. Nc5+ Kd5 64. Ne4 Nxa7 65. Nxg5 Bd7 1/2-1/2

[Event "FIDE World Cup 2021"]
[Site "Krasnaya Polyana (Sochi) RUS"]
[Date "2021.07.20"]
[EventDate "2021.07.12"]
[Round "3.4"]
[Result "1/2-1/2"]
[White "Jeffery Xiong"]
[Black "Nils Grandelius"]
[WhiteElo "2709"]
[BlackElo "2661"]
[PlyCount "82"]

1. d4 Nf6 2. Nf3 g6 3. Nbd2 Bg7 4. e4 O-O 5. Bd3 d6 6. O-O Nc6 7. c3 e5 8. dxe5
Nxe5 9. Nxe5 dxe5 10. Nc4 Nh5 11. g3 Bh3 12. Re1 Qe7 13. Qe2 a5 14. a4 Nf6 15.
b3 Qe6 16. Ba3 Rfd8 17. Rad1 h5 18. Bc2 Re8 19. Ne3 h4 20. Nd5 Nxd5 21. Rxd5 Qf6
22. Rdd1 Bh6 23. Bd3 Kg7 24. Bc4 hxg3 25. hxg3 Rh8 26. Rd3 Rh7 27. Qf3 Bf4 28.
gxf4 Rah8 29. fxe5 Qg5+ 30. Qg3 Bg4 31. f4 Rh1+ 32. Kf2 R8h2+ 33. Ke3 Rxe1+ 34.
Qxe1 Rh3+ 35. Kd4 Qd8+ 36. Bd5 Rxd3+ 37. Kxd3 c6 38. Qg3 Bd1 39. Qg5 Qxg5 40.
fxg5 cxd5 41. exd5 1/2-1/2

[Event "FIDE World Cup 2021"]
[Site "Krasnaya Polyana (Sochi) RUS"]
[Date "2021.07.20"]
[EventDate "2021.07.12"]
[Round "3.4"]
[Result "1-0"]
[White "Pouya Idani"]
[Black "Evgeny Tomashevsky"]
[WhiteElo "2614"]
[BlackElo "2706"]
[PlyCount "94"]

1. e4 e5 2. Nf3 Nc6 3. Bb5 Nf6 4. d3 Bc5 5. c3 O-O 6. O-O d6 7. Re1 a6 8. Bxc6
bxc6 9. Bg5 h6 10. Bh4 g5 11. Bg3 Nh5 12. Nxe5 Nxg3 13. Nxc6 Qd7 14. Nd4 Bxd4
15. cxd4 Nf5 16. exf5 Qxf5 17. Nc3 Rb8 18. b3 Bb7 19. Re3 Qf6 20. Ne2 Bd5 21.
Rc1 c6 22. Ng3 Rb4 23. Qg4 Be6 24. Qe2 Bd5 25. Ne4 Qg6 26. Nc3 Be6 27. Qf3 Rc8
28. Ne2 Bd5 29. Qh3 Rf8 30. f4 Rbb8 31. fxg5 hxg5 32. Rg3 Qg7 33. Qf5 f6 34. h4
Qh7 35. Qg4 Rb7 36. hxg5 fxg5 37. Qxg5+ Rg7 38. Qxg7+ Qxg7 39. Rxg7+ Kxg7 40.
Nc3 Rf4 41. Ne2 Rg4 42. g3 Rg6 43. Kf2 Rh6 44. Ke3 Kf6 45. Nf4 Rh2 46. Nxd5+
cxd5 47. Rc6 1-0

[Event "FIDE World Cup 2021"]
[Site "Krasnaya Polyana (Sochi) RUS"]
[Date "2021.07.20"]
[EventDate "2021.07.12"]
[Round "3.4"]
[Result "1-0"]
[White "Vladislav Artemiev"]
[Black "Boris Gelfand"]
[WhiteElo "2704"]
[BlackElo "2675"]
[PlyCount "90"]

1. d4 Nf6 2. Nf3 d5 3. Bf4 c5 4. e3 Nc6 5. Nbd2 Bg4 6. c3 e6 7. Qb3 Qc8 8. h3
Bh5 9. Be2 Be7 10. O-O O-O 11. Qd1 a6 12. a4 Rd8 13. a5 Qd7 14. Re1 Bg6 15. Nh4
Be4 16. Nhf3 cxd4 17. exd4 Bd6 18. Bxd6 Qxd6 19. Bf1 Qc7 20. b4 Bxf3 21. Qxf3
Ne7 22. Bd3 Nc8 23. Nb3 Nd6 24. Nc5 Re8 25. Re3 Re7 26. Rae1 b6 27. axb6 Qxb6
28. Qf4 Nde8 29. Qh4 Rea7 30. Nb3 Rc7 31. Ra1 h6 32. Bc2 Nd6 33. Qf4 Nc4 34. Re2
Rca7 35. Bd3 a5 36. Bxc4 axb4 37. Rxa7 Qxa7 38. Bd3 Qa3 39. Nc5 bxc3 40. Kh2 Qb4
41. Rc2 Ra1 42. Rxc3 Nh5 43. Qd6 g5 44. Qd8+ Kg7 45. Nxe6+ 1-0

[Event "FIDE World Cup 2021"]
[Site "Krasnaya Polyana (Sochi) RUS"]
[Date "2021.07.20"]
[EventDate "2021.07.12"]
[Round "3.4"]
[Result "1-0"]
[White "Etienne Bacrot"]
[Black "Bassem Amin"]
[WhiteElo "2678"]
[BlackElo "2703"]
[PlyCount "120"]

1. Nf3 Nf6 2. g3 g6 3. Bg2 Bg7 4. d4 O-O 5. c4 c6 6. Nc3 d5 7. Qb3 dxc4 8. Qxc4
Bf5 9. O-O Nbd7 10. Qb3 Qb6 11. Qa3 a5 12. Qxe7 Qb4 13. Qe3 Rfe8 14. Qd2 Nb6 15.
e3 Nc4 16. Qe2 a4 17. Nh4 Be6 18. Qc2 Nd5 19. Ne4 b6 20. Bd2 Qxb2 21. Qxc4 Nxe3
22. Qc1 Qxc1 23. Rfxc1 Nxg2 24. Nxg2 Bxa2 25. Nd6 Re6 26. Nxf7 Bb3 27. Ne5 c5
28. Nf4 Ree8 29. Nd7 Ra6 30. dxc5 Bxa1 31. Rxa1 bxc5 32. Bc3 Rd8 33. Nxc5 Rc6
34. Bb4 Rd1+ 35. Rxd1 Bxd1 36. Nd5 Kf7 37. Kf1 Bf3 38. Nc3 Rb6 39. Nd3 Kg8 40.
Nxa4 Ra6 41. Nac5 Ra1+ 42. Ne1 Rb1 43. Bd2 Rd1 44. Be3 h5 45. Nb3 Bd5 46. Nd2
Ra1 47. Ke2 Ra2 48. h4 Bc4+ 49. Kf3 Bd5+ 50. Kf4 Kf7 51. Nef3 Ra4+ 52. Ke5 Ra5
53. Ng5+ Ke7 54. Kd4 Bb7 55. Nc4 Rd5+ 56. Kc3 Ba6 57. Bd4 Rd8 58. Ne5 Rc8+ 59.
Kd2 Kf6 60. Nc6+ 1-0

[Event "FIDE World Cup 2021"]
[Site "Krasnaya Polyana (Sochi) RUS"]
[Date "2021.07.20"]
[EventDate "2021.07.12"]
[Round "3.4"]
[Result "0-1"]
[White "Michal Krasenkow"]
[Black "R Praggnanandhaa"]
[WhiteElo "2591"]
[BlackElo "2608"]
[PlyCount "134"]

1. d4 d5 2. Nf3 Nf6 3. g3 c5 4. c4 dxc4 5. Bg2 Nc6 6. Be3 Nd5 7. Nc3 Nxe3 8.
fxe3 e6 9. O-O Be7 10. d5 exd5 11. Nxd5 Be6 12. e4 O-O 13. Qd2 Bd6 14. Rad1 Qb8
15. Nf4 Bxf4 16. gxf4 f6 17. Qe3 Qe8 18. Qxc5 Rd8 19. e5 b6 20. Rxd8 bxc5 21.
Rxe8 Rxe8 22. Nh4 Nd4 23. f5 Bc8 24. e3 Nc2 25. e6 Nxe3 26. Bc6 Re7 27. Rf2 g6
28. Rd2 Kg7 29. Rd8 Bxe6 30. fxe6 Rxe6 31. Rd7+ Kh6 32. Ng2 Ng4 33. Bd5 Rb6 34.
Bg8 Rxb2 35. Rxh7+ Kg5 36. h4+ Kf5 37. Bxc4 Ne5 38. Bd5 Rd2 39. Kf1 Ng4 40. Bb7
Ne5 41. Bc8+ Ke4 42. Rxa7 c4 43. Ne1 c3 44. Rc7 Rxa2 45. Rxc3 f5 46. Ng2 Nd3 47.
Bb7+ Kd4 48. Rc8 Nc5 49. Bf3 Nd3 50. Rd8+ Kc3 51. Kg1 Ne5 52. Bd1 Rd2 53. Rc8+
Kd4 54. Rc1 Ke4 55. Ra1 Nf3+ 56. Bxf3+ Kxf3 57. Ra3+ Kg4 58. Ra6 Kh5 59. Rf6 Ra2
60. Kh2 Ra5 61. Rf8 f4 62. Rh8+ Kg4 63. Rh6 g5 64. h5 Ra2 65. Kg1 Kg3 66. Ne1 f3
67. Nxf3 Ra1+ 0-1

[Event "FIDE World Cup 2021"]
[Site "Krasnaya Polyana (Sochi) RUS"]
[Date "2021.07.20"]
[EventDate "2021.07.12"]
[Round "3.4"]
[Result "0-1"]
[White "Alexander Areshchenko"]
[Black "Sam Shankland"]
[WhiteElo "2687"]
[BlackElo "2709"]
[PlyCount "144"]

1. e4 c5 2. Nf3 d6 3. d4 cxd4 4. Nxd4 Nf6 5. Nc3 a6 6. Be3 e5 7. Nb3 Be6 8. f3
Be7 9. Qd2 O-O 10. O-O-O Nbd7 11. g4 b5 12. g5 Nh5 13. Kb1 Nb6 14. Na5 Rc8 15.
Nd5 Nxd5 16. exd5 Bxd5 17. Qxd5 Qxa5 18. c4 Nf4 19. Bxf4 exf4 20. cxb5 axb5 21.
Qxb5 Qa7 22. h4 Rc5 23. Qa6 Qc7 24. Bd3 Rb8 25. Rc1 d5 26. Rxc5 Bxc5 27. Rc1 Qe5
28. Bb5 d4 29. Bd3 g6 30. Ka1 Bf8 31. Qc4 Qe3 32. h5 Rb4 33. Qc2 gxh5 34. Bxh7+
Kg7 35. Bd3 h4 36. g6 h3 37. gxf7 Rb6 38. Rh1 Rh6 39. a3 h2 40. Qg2+ Kf6 41. Be4
Kxf7 42. Ka2 d3 43. Rxh2 Rxh2 44. Qxh2 d2 45. Qh5+ Ke7 46. Qe5+ Kd8 47. Qd5+ Ke7
48. Qe5+ Kd8 49. Qb8+ Ke7 50. Qc7+ Kf6 51. Bc2 Kg5 52. Qf7 Qxf3 53. Qf5+ Kh4 54.
Qxf8 Qd5+ 55. b3 d1=Q 56. Bxd1 Qd2+ 57. Kb1 Qxd1+ 58. Kb2 Qd2+ 59. Kb1 Qd3+ 60.
Kb2 f3 61. Qh6+ Kg3 62. Qg5+ Kf2 63. a4 Ke1 64. Qg3+ Ke2 65. Qg4 Kd2 66. Qf4+
Kd1 67. a5 Qe2+ 68. Ka3 f2 69. Qd4+ Kc2 70. Qc5+ Kb1 71. Qf5+ Qc2 72. Qf6 Qc1+ 0-1

[Event "FIDE World Cup 2021"]
[Site "Krasnaya Polyana (Sochi) RUS"]
[Date "2021.07.20"]
[EventDate "2021.07.12"]
[Round "3.4"]
[Result "1-0"]
[White "Radoslaw Wojtaszek"]
[Black "Maxim Matlakov"]
[WhiteElo "2691"]
[BlackElo "2688"]
[PlyCount "96"]

1. d4 g6 2. c4 Bg7 3. Nf3 d6 4. Nc3 Nc6 5. d5 Ne5 6. Nxe5 Bxe5 7. e4 e6 8. Bd3
Nf6 9. O-O Nh5 10. g3 Bg7 11. Re1 O-O 12. Be2 Nf6 13. Bg5 h6 14. Be3 exd5 15.
exd5 Bh3 16. Qd2 Kh7 17. Bd4 Qd7 18. Qf4 Bf5 19. f3 g5 20. Qd2 Rae8 21. Bd3 Kg8
22. Bf1 Bg6 23. Rxe8 Rxe8 24. Re1 Rxe1 25. Qxe1 Qf5 26. Qf2 a6 27. Kg2 h5 28. h3
Nd7 29. Bxg7 Kxg7 30. Qd4+ f6 31. f4 gxf4 32. gxf4 Nc5 33. Qd2 Kf8 34. Kg3 a5
35. b3 Ke7 36. Be2 Kd8 37. Bf3 Be8 38. Bg2 Qg6+ 39. Kh2 Bd7 40. Ne2 h4 41. Qe3
Qb1 42. Qd4 Ke7 43. Qe3+ Kf7 44. Nd4 Qxa2 45. f5 Qb2 46. Qf4 Nxb3 47. Nf3 Qf2
48. Ng5+ 1-0

[Event "FIDE World Cup 2021"]
[Site "Krasnaya Polyana (Sochi) RUS"]
[Date "2021.07.20"]
[EventDate "2021.07.12"]
[Round "3.5"]
[Result "1/2-1/2"]
[White "David Paravyan"]
[Black "Vachier-Lagrave, Maxime"]
[WhiteElo "2625"]
[BlackElo "2749"]
[PlyCount "126"]

1. e4 e5 2. Nf3 Nc6 3. Bb5 Nf6 4. O-O Nxe4 5. Re1 Nd6 6. Nxe5 Be7 7. Bf1 Nxe5 8.
Rxe5 O-O 9. Nc3 Ne8 10. d4 Bf6 11. Re1 d5 12. b3 Be6 13. Ba3 Nd6 14. Nb5 Be7 15.
Nxd6 Bxd6 16. Bxd6 Qxd6 17. Re5 f6 18. Re3 Rfe8 19. Qf3 Bf7 20. Rae1 c6 21.
Rxe8+ Rxe8 22. Rxe8+ Bxe8 23. c4 dxc4 24. Bxc4+ Kf8 25. Qe4 b5 26. Be2 Qe7 27.
Qd3 Bg6 28. Qd2 Be4 29. f3 Bd5 30. Kf2 g6 31. Qf4 Kg7 32. h4 a5 33. Qc1 Qd6 34.
g3 h5 35. Qc5 Qxc5 36. dxc5 f5 37. Ke3 Kf6 38. Kd4 b4 39. Bd1 Be6 40. Be2 Bd5
41. Ke3 Ke5 42. Bf1 Kf6 43. Be2 Ke5 44. Bf1 Be6 45. f4+ Kf6 46. Bg2 Bd7 47. Kd4
Be8 48. Bh1 Bd7 49. Bf3 Be8 50. Kd3 Ke7 51. Kd2 Kd7 52. Ke3 Ke6 53. Kd4 Kf6 54.
Bg2 Bd7 55. Bh1 Be8 56. Bf3 Bd7 57. Be2 Be6 58. Bf3 Bd7 59. Kd3 Ke7 60. Kc2 Be8
61. Kd3 Bd7 62. Kd4 Kf6 63. Bg2 1/2-1/2